item asylum melees - Statistics

General Stats
  • This quiz has been taken 14 times
  • The average score is 19 of 123
Answer Stats
Hint Answer % Correct
fi fish
60%
ai air
50%
ba banhammer
50%
ba bat
50%
bi birch tree
50%
co comically large knife
50%
co comically large spoon
50%
di diamond tester
50%
al allusions
40%
ax axe
40%
co comically large fork
40%
cr crowbar
40%
en energy sword
40%
fi fire axe
40%
ki killer fish from san diego
40%
re real knife
40%
sh shadow axe
40%
st stick
40%
bo bobm on a stick
30%
bu buster sword
30%
ca cane
30%
ch chair
30%
dr dragon slayer
30%
ey eyelander
30%
la lamp
30%
ma masamune
30%
sm smile
30%
ar armstrong style
20%
as assailant
20%
ba backhand slap
20%
ba bat sword
20%
be belt
20%
bi big rock
20%
bo board with nail
20%
bu built different
20%
ca cantaloupe
20%
ch chaos saber
20%
co company weapon
20%
cr crescendo
20%
cr croccy friend
20%
cu cultists sword
20%
da da capo
20%
da dark heart
20%
di dimmadagger
20%
do dollhunter
20%
es esto es el fin
20%
fr freezing point
20%
fu fujin
20%
go golf club
20%
ha hands of fire
20%
ma mad murderer
20%
po pool noodle
20%
sp spork
20%
st starlight
20%
th the man on a leash
20%
do doney jawbone
10%
fl flag post
10%
go go mining
10%
ha hat of discipline
10%
he hero blade
10%
ho hook kick
10%
ja jailbird
10%
je jeffthekillermain
10%
ju judge
10%
ka kanabo
10%
le legion kata
10%
ma mango on a fork
10%
ni night reaper
10%
pi pipe
10%
po posers katana
10%
ra random rumble
10%
ru rukiryaxe
10%
ru ruler
10%
sc scythe
10%
so solemn lament
10%
th the dang
10%
wa wallace's hammer
10%
za zaihop
10%
gi gigachad fists
0%
ju justitia
0%
ke keyblade
0%
kn knuckleblaster
0%
kn knuckle samwitch
0%
kr krellis
0%
ku kuno
0%
la lawnmower on a stick
0%
li linked sword
0%
lo loadsamoney
0%
lo london
0%
lu lucille
0%
ma marketable port
0%
mo moonwalker
0%
ni nichirin sword
0%
pa painted sword
0%
pe pearls scythe
0%
pr protest
0%
re rebellion
0%
ru rusted coin scythe
0%
sc scimitar
0%
se secare
0%
sh shine
0%
si simons book
0%
sk skateboard
0%
sm small sword
0%
sp spy
0%
st stop sign
0%
su sugarcoat
0%
su sun on a stick
0%
su super scuffle
0%
sw switchblade
0%
ta tactical fighting technique
0%
ta tanto
0%
th the sink
0%
to torch
0%
tr trowel
0%
tv tv salesman
0%
un uncertified tenderizer
0%
un uncle dane
0%
va vampirism
0%
vi Vinland daggers
0%
wa wand
0%
ya yamato
0%
yo your eternal reward
0%
No matching quizzes found
Score Distribution
Percent of People with Each Score
Percentile by Number Answered
Your Score History
You have not taken this quiz